| 000 | 01878nam0a2200337 4500 | ||
|---|---|---|---|
| 001 | RU\NLR\BIBL_A\011666749 | ||
| 005 | 20180417115542.0 | ||
| 010 |
_a978-5-89289-155-3 _9100 |
||
| 021 |
_aRU _bКН-П-18-014539 _9КН-П-18-1045 |
||
| 035 | _a(NLR Aleph) 011666749 | ||
| 035 | _a(RuMoRGB)009557454 | ||
| 090 |
_a11213387 _c11213387 |
||
| 100 | _a20180329d2017 u y0rusy50 ca | ||
| 101 | 0 | _arus | |
| 102 | _aRU | ||
| 105 | _aa|||j|||000zy | ||
| 200 | 1 |
_aОтчетность кредитных организаций _eучебное пособие _eдля студентов вузов _fВ.П. Зотов, С.Г. Черниченко, Р.М. Котов _gМинистерство образования и науки Российской Федерации, ФГБОУ ВО Кемеровский технологический институт пищевой промышленности (университет) |
|
| 210 |
_aКемерово _cКемТИПП _d2017 |
||
| 215 |
_a140 с. _cтабл. _d20 |
||
| 225 | 1 | _aВысшее образование | |
| 320 | _aБиблиогр.: с. 140 (10 назв.) | ||
| 606 | 1 |
_aКредитные учреждения _xБухгалтерский учет _xОтчетность _yРоссийская Федерация _jУчебные издания для высших учебных заведений _2nlr_sh2 _3RU\NLR\AUTH\661573212 |
|
| 686 | 1 | _aУ052.9(2)226.21-15я73 | |
| 700 | 1 |
_aЗотов _bВ. П. _gВиктор Петрович _3RU\NLR\AUTH\7780036 |
|
| 701 | 1 |
_aЧерниченко _bС. Г. _cканд. экон. наук _gСветлана Геннадьевна _3RU\NLR\AUTH\770175165 |
|
| 701 | 1 |
_aКотов _bР. М. _gРоман Михайлович |
|
| 942 | _cBOOK | ||
| 980 | _aNBR | ||
| 980 | _aNB | ||